ČSN 26 8927 Přídavná zařízení pro zdvižné motorové vozíky

Bibliographic Details
Format: Book
Language:Undetermined
PhysicalDescription:7 s.
Published: Praha ÚNM 1988

MARC

LEADER 00000nam a2200000 a 4500
001 vtls001358736
003 SK-MaSNL
005 20260223215829.0
008 210928s1988 xx 0 und
035 |a SNK000312264 
040 |a SNK  |b slo  |c SNK  |e AACR2 
245 1 |a ČSN 26 8927 Přídavná zařízení pro zdvižné motorové vozíky 
260 |a Praha  |b ÚNM  |c 1988 
300 |a 7 s. 
958 |a OND 
999 |c 720604  |d 722534 
952 |t P60, <04>, [BOOK], {604}  |a SNK  |b SNK  |y VYP  |7 0  |p 17A0187252  |o snkČSN 26 8927  |0 0  |1 0  |4 0  |d 1999-03-25  |l 0  |r 2005-01-02 00:00:00  |w 2026-02-23